000 00433nam a2200169 a 4500
001 0000-9262
003 ELIB.Books
008 110520 1978
035 _a(ELIB.Books)0000-9414
082 _a232
_bSch
100 _aSchoonover, Melvin E.
245 _aWhat if we did follow Jesus?
260 _bValley Forge: Judson Press
_c1978
650 _aJesus Christ
942 _2ddc
_cBK
998 _cbat
_e2011-05-20
999 _c9262
_d9262